|
|
|
|
| LEADER |
03616nam a22004573i 4500 |
| 001 |
EBC5569531 |
| 003 |
MiAaPQ |
| 005 |
20231204023214.0 |
| 006 |
m o d | |
| 007 |
cr cnu|||||||| |
| 008 |
231204s2018 xx o ||||0 eng d |
| 020 |
|
|
|a 9781315471921
|q (electronic bk.)
|
| 020 |
|
|
|z 9781138203334
|
| 035 |
|
|
|a (MiAaPQ)EBC5569531
|
| 035 |
|
|
|a (Au-PeEL)EBL5569531
|
| 035 |
|
|
|a (OCoLC)1061111540
|
| 040 |
|
|
|a MiAaPQ
|b eng
|e rda
|e pn
|c MiAaPQ
|d MiAaPQ
|
| 050 |
|
4 |
|a Q172.5.I5 .O443 2019
|
| 082 |
0 |
|
|a 507.2
|
| 100 |
1 |
|
|a Olechnicka, Agnieszka.
|
| 245 |
1 |
4 |
|a The Geography of Scientific Collaboration.
|
| 250 |
|
|
|a 1st ed.
|
| 264 |
|
1 |
|a Milton :
|b Taylor & Francis Group,
|c 2018.
|
| 264 |
|
4 |
|c ©2019.
|
| 300 |
|
|
|a 1 online resource (237 pages)
|
| 336 |
|
|
|a text
|b txt
|2 rdacontent
|
| 337 |
|
|
|a computer
|b c
|2 rdamedia
|
| 338 |
|
|
|a online resource
|b cr
|2 rdacarrier
|
| 490 |
1 |
|
|a Routledge Advances in Regional Economics, Science and Policy Series
|
| 505 |
0 |
|
|a Cover -- Half Title -- Sreies Page -- Title Page -- Copyright Page -- Table of Contents -- List of illustrations -- Acknowledgements -- Introduction -- 1. Places and spaces of science -- 1.1 Science takes place -- 1.2 From little science spots to the global geography of science -- 1.3 Driving forces of the geography of science -- 2. Scientists working together -- 2.1 Before the fourth age of research -- 2.2 The collaborative turn -- 2.3 What is scientific collaboration? -- 2.4 Why do scientists collaborate? -- 2.5 The collaboration life cycle and its challenges -- 3. Measuring scholarly collaboration in space -- 3.1 Collaborative data: sources and approaches -- 3.2 The reward triangle and research collaboration studies -- 3.3 Spatial scientometric measures -- 3.4 Methodological issues -- 4. Spatial patterns of scientific collaboration -- 4.1 Internationalisation -- 4.2 The global scientific network -- 4.3 Patterns of collaboration and research performance -- 4.4 The logic of centre and periphery -- 5. Theoretical approaches to scientific collaboration from a spatial perspective -- 5.1 Explaining the growth of collaboration -- 5.2 Explaining patterns of scientific collaboration -- 5.3 Explaining the impacts of scientific collaboration -- 6. Scientific collaboration policy -- 6.1 Policy through science and for science -- 6.2 Policy shift towards collaboration -- 6.3 Europe: towards the European Research Area -- 6.4 The United States: collaborative culture -- 6.5 China: (r)evolution in science policy -- 6.6 Tools for scientific collaboration policy -- 7. Conclusions -- 7.1 Research collaboration and the geography of science -- 7.2 Future geographies of scientific collaboration -- 7.3 Towards smart policies for scientific collaboration -- References -- Index.
|
| 588 |
|
|
|a Description based on publisher supplied metadata and other sources.
|
| 590 |
|
|
|a Electronic reproduction. Ann Arbor, Michigan : ProQuest Ebook Central, 2023. Available via World Wide Web. Access may be limited to ProQuest Ebook Central affiliated libraries.
|
| 650 |
|
0 |
|a Science-International cooperation.
|
| 650 |
|
0 |
|a Communication in science.
|
| 655 |
|
4 |
|a Electronic books.
|
| 700 |
1 |
|
|a Ploszaj, Adam.
|
| 700 |
1 |
|
|a Celińska-Janowicz, Dorota.
|
| 776 |
0 |
8 |
|i Print version:
|a Olechnicka, Agnieszka
|t The Geography of Scientific Collaboration
|d Milton : Taylor & Francis Group,c2018
|z 9781138203334
|
| 797 |
2 |
|
|a ProQuest (Firm)
|
| 830 |
|
0 |
|a Routledge Advances in Regional Economics, Science and Policy Series
|
| 856 |
4 |
0 |
|u https://ebookcentral.proquest.com/lib/matrademy/detail.action?docID=5569531
|z Click to View
|